000
00285nam a22001097a 4500
082
_a
621.391 ENG'U
245
_a
ENGINEERING DESIGN HANDBOOK FIRE CONTROL COMPUTING SYSTEM
260
_a
USA
_b
USA ARMY HEAD QUATERS
_c
1970
300
_a
V-P
650
_a
AMCP 706-329
_9
76955
942
_c
BK
999
_c
582264
_d
582264